000 00313nam a2200109Ia 4500
008 210107s9999 xx 000 0 und d
100 _aGhosh, A K
245 0 _aStatus of Environment in West Bengal : A Citizen's Report
260 _aKolkata
_bSociety for Environment & Develiopment
300 _athe
942 _cBK
999 _c11487
_d11487